000 00350pam a2200157a 44500
008 230515b2009 xxu||||| |||| 00| 0 eng d
020 _aNULL
041 _aENGLISH
082 _a630 SEG
100 _aSEGUAL WILLIAM T
245 _aDESIGN OF STEEL STRUCTURES
250 _a1
260 _aNEW DELHI
_bNA
_c2009
300 _a590
650 _aNULL
999 _c637959
_d637959